Capitals of 2026 FIFA World Cup Teams on a Map - Statistics

General Stats
  • This quiz has been taken 26 times
    3 since last reset
  • The average score is 39 of 50
Answers on the Map
Answers color-coded by a green-red scale on the quiz's map according to % correct below.
 
Answer Stats
Capital % Correct
Amsterdam
100%
Ankara
100%
Baghdad
100%
Berlin
100%
Bern
100%
Brasilia
100%
Brussels
100%
Buenos Aires
100%
Cairo
100%
Canberra
100%
Edinburgh
100%
Lisbon
100%
London
100%
Madrid
100%
Mexico City
100%
Montevideo
100%
Oslo
100%
Ottawa
100%
Panama City
100%
Paris
100%
Port au Prince
100%
Prague
100%
Rabat
100%
Sarajevo
100%
Seoul
100%
Stockholm
100%
Tokyo
100%
Vienna
100%
Washington D.C
100%
Wellington
100%
Zagreb
100%
Accra
50%
Algiers
50%
Amman
50%
Ascuncion
50%
Bogota
50%
Dakar
50%
Doha
50%
Kinshasa
50%
Pretoria
50%
Quito
50%
Riyadh
50%
Tashkent
50%
Tehran
50%
Tunis
50%
Willemstad
50%
Yamoussoukro
50%
Bloemfontein
0%
Cape Town
0%
Praia
0%
No matching quizzes found
Score Distribution
Percent of People with Each Score
Percentile by Number Answered
Your Score History
You have not taken this quiz since the last reset